Phân tích hiệu quả sản xuất mô hình nuôi tôm sú bán thâm canh ở bán đảo Cà Mau : Luận văn tốt nghiệp Cao học. Chuyên ngành Kinh tế nông nghiệp
Phân tích hiệu quả sản xuất của mô hình nuôi tôm sú bán thâm canh ở BĐCM, từ đó, đề xuất một số giải pháp nhằm nâng cao hiệu quả sản xuất, tăng thu nhập cho nông hộ nuôi tôm sú bán thâm canh ở bán đảo Cà Mau....
Enregistré dans:
| Auteur principal: | |
|---|---|
| Format: | Livre |
| Langue: | Undetermined |
| Publié: |
Cần Thơ
Trường Đại học Cần Thơ
2017
|
| Sujets: | |
| Tags: |
Ajouter un tag
Pas de tags, Soyez le premier à ajouter un tag!
|
| Thư viện lưu trữ: | Trung tâm Học liệu Trường Đại học Cần Thơ |
|---|
| LEADER | 01232nam a2200229Ia 4500 | ||
|---|---|---|---|
| 001 | CTU_221606 | ||
| 008 | 210402s9999 xx 000 0 und d | ||
| 082 | |a 338.16 | ||
| 082 | |b Th108 | ||
| 088 | |a 60620115 | ||
| 100 | |a Trần, Nguyễn Thu Thảo | ||
| 245 | 0 | |a Phân tích hiệu quả sản xuất mô hình nuôi tôm sú bán thâm canh ở bán đảo Cà Mau : | |
| 245 | 0 | |b Luận văn tốt nghiệp Cao học. Chuyên ngành Kinh tế nông nghiệp | |
| 245 | 0 | |c Trần Nguyễn Thu Thảo ; Nguyễn Phú Son (Cán bộ hướng dẫn) | |
| 260 | |a Cần Thơ | ||
| 260 | |b Trường Đại học Cần Thơ | ||
| 260 | |c 2017 | ||
| 520 | |a Phân tích hiệu quả sản xuất của mô hình nuôi tôm sú bán thâm canh ở BĐCM, từ đó, đề xuất một số giải pháp nhằm nâng cao hiệu quả sản xuất, tăng thu nhập cho nông hộ nuôi tôm sú bán thâm canh ở bán đảo Cà Mau. | ||
| 650 | |a Agriculture,Nông nghiệp | ||
| 650 | |x Economic aspects,Khía cạnh kinh tế | ||
| 904 | |i My,Hải | ||
| 980 | |a Trung tâm Học liệu Trường Đại học Cần Thơ | ||